[Event "Irish Championship 2018"]
[Site "Dublin IRL"]
[Date "2018.08.06"]
[Round "3.15"]
[White "O'Gorman, Alice"]
[Black "Melaugh, Gavin"]
[Result "1-0"]
[WhiteElo "1896"]
[BlackElo "2029"]
[WhiteICU "1779"]
[BlackICU "1999"]
[WhiteClub "Dun Laoghaire"]
[BlackClub "Elm Mount"]
[WhiteNationality "IRL"]
[BlackNationality "IRL"]
[WhiteFideId "2508214"]
[BlackFideId "2509571"]
[PlyCount "145"]
[EventDate "2018.08.04"]
[Source "TWIC 1240"]

{ Event information: <a
href="https://www.irlchess.com/irlch2018_allfiles/pairings_irlch2018.html">Tournament
report</a>. }

1. e4 c5 2. Nf3 Nc6 3. d4 cxd4 4. Nxd4 Nf6 5. Nc3 e5 6. Ndb5 d6 7. Bg5 a6
8. Na3 b5 9. Nd5 Be7 10. Nxe7 Qxe7 11. Bxf6 Qxf6 12. Be2 Bb7 13. O-O O-O
14. Re1 Rad8 15. Bf3 Nd4 16. c4 Qe6 17. cxb5 axb5 18. Nc2 Nxf3+ 19. Qxf3 f5
20. exf5 Qf7 21. Qg4 Qxf5 22. Qxf5 Rxf5 23. Na3 Rg5 24. g3 e4 25. Rad1 Rc5
26. Rd2 d5 27. b4 Rcc8 28. Nxb5 Ba6 29. Nd4 Bc4 30. Red1 Ra8 31. Nc6 Re8
32. Na5 Bd3 33. Nb3 Reb8 34. Nc1 Bc4 35. Rb2 Ra4 36. Ne2 Rxa2 37. Rxa2 Bxa2
38. Nc3 Bc4 39. Nxd5 Bxd5 40. Rxd5 Rxb4 41. Kf1 Kf7 42. Ke2 Ke6 43. Ra5 h6
44. Ke3 g6 (44... g5 $5 45. h3 Kf6 46. g4 Rc4 47. Rd5 Rb4 48. Rd4 Rb2 $10)
45. g4 Rb3+ 46. Kxe4 Rh3 47. Ra6+ Kf7 48. Ke5 Rxh2 49. Ra7+ Ke8 50. f4 Rg2
$2 ({ Black has a narrow path to hold a draw, via } 50... Rh4 $1 ({ but not
} 50... Re2+ $2 51. Kf6 Re4 52. f5 $1 gxf5 53. gxf5 $18) 51. f5 gxf5 52.
gxf5 h5 $1 { with a tablebase draw. }) 51. Ke6 $18 Kf8 52. Kf6 Kg8 53. Rg7+
Kh8 54. Rxg6 Kh7 55. Kf5 Ra2 56. Re6 Ra5+ 57. Kf6 Ra4 58. Re7+ Kg8 59. Kg6
Ra6+ 60. Kh5 Ra4 61. f5 Rf4 62. Re6 Kg7 63. Rg6+ Kf7 64. Rxh6 Rf1 65. Kg5
Ra1 66. Rh7+ Kg8 67. Rb7 Ra6 68. f6 Ra5+ 69. Kg6 Ra8 70. g5 Rd8 71. Rg7+
Kh8 72. Rh7+ Kg8 73. f7+ 1-0

[Event "Irish Championship 2018"]
[Site "Dublin IRL"]
[Date "2018.08.06"]
[Round "3.16"]
[White "Manojlovic, Mihailo"]
[Black "Nemeth, Zalan"]
[Result "1-0"]
[WhiteElo "1988"]
[BlackElo "1876"]
[WhiteICU "2022"]
[BlackICU "1818"]
[WhiteClub "St. Benildus"]
[BlackClub "Galway"]
[WhiteNationality "IRL"]
[BlackNationality "IRL"]
[WhiteFideId "2507633"]
[BlackFideId "2512041"]
[PlyCount "51"]
[EventDate "2018.08.04"]
[Source "TWIC 1240"]

{ Event information: <a
href="https://www.irlchess.com/irlch2018_allfiles/pairings_irlch2018.html">Tournament
report</a>. }

1. e4 c5 2. c3 Nf6 3. e5 Nd5 4. d4 cxd4 5. Nf3 e6 6. cxd4 d6 7. Bc4 Nb6 8.
Bb3 Nc6 9. O-O dxe5 10. dxe5 Qxd1 11. Rxd1 Be7 12. Nc3 Nd7 13. Nb5 Kf8 14.
Be3 b6 15. Rac1 Nc5 16. Nd6 Ba6 17. Bxc5 bxc5 18. Rxc5 Be2 19. Rxc6 Bxd1
20. Bxd1 g6 21. Nd2 Bxd6 22. exd6 Kg7 23. Nc4 Kf6 24. d7 a5 25. Ba4 Ke7 26.
Rc5 1-0

[Event "Irish Championship 2018"]
[Site "Dublin IRL"]
[Date "2018.08.06"]
[Round "3.17"]
[White "Scott, Luke"]
[Black "Melaugh, Shane"]
[Result "0-1"]
[WhiteElo "1873"]
[BlackElo "2086"]
[WhiteICU "1795"]
[BlackICU "2111"]
[WhiteClub "T.C.D."]
[BlackClub "Elm Mount"]
[WhiteNationality "IRL"]
[BlackNationality "IRL"]
[WhiteFideId "2507986"]
[BlackFideId "2509580"]
[PlyCount "74"]
[EventDate "2018.08.04"]
[Source "TWIC 1240"]

{ Event information: <a
href="https://www.irlchess.com/irlch2018_allfiles/pairings_irlch2018.html">Tournament
report</a>. }

1. d4 Nf6 2. c4 e6 3. Nc3 Bb4 4. e3 b6 5. Ne2 Bb7 6. a3 Bxc3+ 7. Nxc3 O-O
8. f3 d5 9. cxd5 exd5 10. b4 Nbd7 11. Rb1 Nh5 12. Qc2 Qh4+ 13. Qf2 Qe7 14.
Bd3 Nf4 15. Bc2 Nf6 16. O-O Ng6 17. b5 a6 18. a4 axb5 19. axb5 Rfe8 20. Re1
Qd7 21. h3 Rad8 22. Ba3 Ne7 23. Rbd1 Nc8 24. e4 Nh5 25. Qh4 g6 26. Bc1 Qe7
27. Bg5 f6 28. Bh6 Qb4 29. g4 Qxc3 30. gxh5 Rd6 31. e5 fxe5 32. Rxe5 Rxe5
33. dxe5 Qxe5 34. Re1 g5 35. Rxe5 gxh4 36. Re8+ Kf7 37. Rf8+ Ke7 0-1

[Event "Irish Championship 2018"]
[Site "Dublin IRL"]
[Date "2018.08.06"]
[Round "3.18"]
[White "Keogh, Eamon"]
[Black "Nolan, Dermot"]
[Result "1-0"]
[WhiteTitle "NM"]
[WhiteElo "1960"]
[BlackElo "1841"]
[WhiteICU "1888"]
[BlackICU "1759"]
[WhiteClub "Kilkenny"]
[BlackClub "Gonzaga"]
[WhiteNationality "IRL"]
[BlackNationality "IRL"]
[WhiteFideId "2500264"]
[BlackFideId "2510260"]
[PlyCount "57"]
[EventDate "2018.08.04"]
[Source "TWIC 1240"]

{ Event information: <a
href="https://www.irlchess.com/irlch2018_allfiles/pairings_irlch2018.html">Tournament
report</a>. }

1. e4 c5 2. Nc3 Nc6 3. f4 g6 4. Nf3 Bg7 5. Bb5 Nd4 6. O-O Nxb5 7. Nxb5 a6
8. Nc3 e6 9. Qe1 Ne7 10. d3 O-O 11. e5 d5 12. g4 b5 13. Qf2 Bb7 14. Ne2 d4
15. Ng3 Ra7 16. Bd2 Qd7 17. Rae1 Rd8 18. Ba5 Nd5 19. Bd2 Ba8 20. Ng5 h6 21.
N5e4 Qc6 22. Qg2 a5 23. Qh3 Nb4 24. f5 exf5 25. gxf5 g5 26. f6 Bf8 27. Nf5
Nxc2 28. Nxh6+ Bxh6 29. Qxh6 1-0

[Event "Irish Championship 2018"]
[Site "Dublin IRL"]
[Date "2018.08.07"]
[Round "4.1"]
[White "Murray, David"]
[Black "Lopez, Alex"]
[Result "0-1"]
[BlackTitle "IM"]
[WhiteElo "2149"]
[BlackElo "2411"]
[WhiteICU "2123"]
[BlackICU "2476"]
[WhiteClub "Gonzaga"]
[WhiteNationality "IRL"]
[BlackNationality "IRL"]
[WhiteFideId "2501511"]
[BlackFideId "2501430"]
[PlyCount "142"]
[EventDate "2018.08.04"]
[Source "TWIC 1240"]

{ Event information: <a
href="https://www.irlchess.com/irlch2018_allfiles/pairings_irlch2018.html">Tournament
report</a>. }

1. e4 e5 2. Nf3 Nf6 3. Nxe5 d6 4. Nf3 Nxe4 5. Nc3 Nf6 6. d4 Be7 7. Bd3 O-O
8. h3 c6 9. O-O Nbd7 10. Ne2 Re8 11. Ng3 Bf8 12. Re1 g6 13. c3 Bg7 14. Bf4
Rxe1+ 15. Qxe1 Nf8 16. Ne4 Nxe4 17. Bxe4 d5 18. Bd3 f6 19. Qd2 Be6 20. Bh6
Bxh6 21. Qxh6 Qd6 22. Re1 Re8 23. h4 Re7 24. Qe3 Re8 25. Qh6 Bf7 26. Rxe8
Bxe8 27. h5 Qe7 28. hxg6 hxg6 29. Kf1 Qd7 30. Qf4 Kg7 31. Qb8 b6 32. Ba6
Ne6 33. Bc8 Qc7 34. Qxc7+ Nxc7 35. a4 Kf7 36. Ke2 Ke7 37. b4 g5 38. Nd2 Bg6
39. Kd1 Ne8 40. Ba6 Nd6 41. Be2 Be4 42. g3 Bg6 43. Bg4 Nf7 44. Nb3 Kd6 45.
a5 Kc7 46. axb6+ axb6 47. Bf3 Nd6 48. Kc1 Nb5 49. Kb2 Kd6 50. Nd2 Bd3 51.
Bg4 Ke7 52. Bh3 Nd6 53. Kc1 Bb5 54. Bg4 f5 55. Bd1 g4 56. f3 gxf3 57. Bxf3
Bd3 58. Nb3 Kf6 59. Kd2 Bb5 60. Ke3 Ba4 61. Nc1 Bc2 62. Nd3 $2 (62. Ne2 $15
) 62... Bxd3 $1 63. Kxd3 Ne4 $19 64. b5 cxb5 65. Kc2 Ke6 66. g4 f4 67. Bxe4
dxe4 68. Kd2 Kf6 69. Ke2 Kg5 70. d5 Kf6 71. Kf2 Ke5 0-1

[Event "Irish Championship 2018"]
[Site "Dublin IRL"]
[Date "2018.08.07"]
[Round "4.2"]
[White "Moran, Stephen"]
[Black "Baburin, Alexander"]
[Result "1/2-1/2"]
[BlackTitle "GM"]
[WhiteElo "2155"]
[BlackElo "2458"]
[WhiteICU "2095"]
[BlackICU "2428"]
[WhiteClub "T.C.D."]
[BlackClub "Kilkenny"]
[WhiteNationality "IRL"]
[BlackNationality "IRL"]
[WhiteFideId "2501872"]
[BlackFideId "2500914"]
[PlyCount "58"]
[EventDate "2018.08.04"]
[Source "TWIC 1240"]

{ Event information: <a
href="https://www.irlchess.com/irlch2018_allfiles/pairings_irlch2018.html">Tournament
report</a>. }

1. d4 Nf6 2. c4 e6 3. Nc3 Bb4 4. e3 c5 5. Ne2 cxd4 6. exd4 d5 7. a3 Be7 8.
Nf4 O-O 9. cxd5 Nxd5 10. Ncxd5 exd5 11. Bd3 Bf6 12. O-O Nc6 13. Be3 g6 14.
Rc1 Bg7 15. Rc5 Ne7 16. Qf3 b6 17. Rc2 Bb7 18. Rfc1 Rc8 19. h4 Qd7 20. h5
Rxc2 21. Rxc2 Rc8 22. hxg6 hxg6 23. Qd1 Rxc2 24. Qxc2 Qc8 25. Qxc8+ Nxc8
26. f3 Nd6 27. b3 b5 28. Kf2 a5 29. Ne2 a4 1/2-1/2

[Event "Irish Championship 2018"]
[Site "Dublin IRL"]
[Date "2018.08.07"]
[Round "4.3"]
[White "O'Donnell, Conor"]
[Black "Murphy, Conor E."]
[Result "1-0"]
[WhiteTitle "FM"]
[BlackTitle "FM"]
[WhiteElo "2336"]
[BlackElo "2336"]
[WhiteICU "2312"]
[WhiteClub "Gonzaga"]
[BlackClub "Charlton ENG"]
[WhiteNationality "IRL"]
[BlackNationality "IRL"]
[WhiteFideId "2504243"]
[BlackFideId "421669"]
[PlyCount "129"]
[EventDate "2018.08.04"]
[Source "TWIC 1240"]

{ Event information: <a
href="https://www.irlchess.com/irlch2018_allfiles/pairings_irlch2018.html">Tournament
report</a>. }

1. c4 e6 2. g3 d5 3. Bg2 Nf6 4. Nf3 d4 5. e3 c5 6. exd4 cxd4 7. O-O Nc6 8.
d3 Bd6 9. Na3 O-O 10. Nc2 Bc7 11. b4 e5 12. b5 Nb8 13. a4 Re8 14. Ba3 Nbd7
15. Nd2 Nf8 16. Nb3 Ng6 17. Qd2 h5 18. a5 Rb8 19. Rfb1 h4 20. c5 hxg3 21.
hxg3 Qd7 22. b6 axb6 23. axb6 Bd8 24. c6 bxc6 25. Nc5 Qg4 26. b7 Be6 27.
Na6 Bd5 28. Bxd5 Nxd5 29. Nxb8 Nh4 30. Ne1 Nf4 31. Nxc6 Qh3 32. Qd1 Nfg2
33. gxh4 Nxe1 34. Qxe1 Qg4+ 35. Kf1 e4 36. Qe2 Qxh4 37. Ke1 Qh1+ 38. Kd2
e3+ 39. fxe3 dxe3+ 40. Kc2 Qxc6+ 41. Kb3 Qd5+ 42. Kc2 Qc6+ 43. Kd1 Qh1+ 44.
Qe1 Qf3+ 45. Kc2 Qg2+ 46. Kb3 Qd5+ 47. Ka4 Qc6+ 48. Rb5 Qc2+ 49. Kb4 Be7+
50. Ka5 Bd8+ 51. Kb4 Be7+ 52. Ka5 Bd8+ 53. Kb4 Qxd3 54. Qh1 Be7+ 55. Ka4
Qc2+ 56. Rb3 Qc4+ 57. Rb4 Qa6+ 58. Kb3 Qd3+ 59. Ka2 Bxb4 60. Bxb4 e2 61.
Qc6 Qe3 62. Rc1 Rd8 63. Qc8 Qa7+ 64. Kb1 Qb6 65. Qxd8+ 1-0

[Event "Irish Championship 2018"]
[Site "Dublin IRL"]
[Date "2018.08.07"]
[Round "4.4"]
[White "Collins, Sam"]
[Black "Carroll, Peter"]
[Result "1-0"]
[WhiteTitle "IM"]
[WhiteElo "2445"]
[BlackElo "1794"]
[WhiteICU "2425"]
[BlackICU "1802"]
[WhiteClub "Gonzaga"]
[BlackClub "Gonzaga"]
[WhiteNationality "IRL"]
[BlackNationality "IRL"]
[WhiteFideId "2501198"]
[BlackFideId "2510243"]
[PlyCount "51"]
[EventDate "2018.08.04"]
[Source "TWIC 1240"]

{ Event information: <a
href="https://www.irlchess.com/irlch2018_allfiles/pairings_irlch2018.html">Tournament
report</a>. }

1. e4 c5 2. Nf3 d6 3. Bb5+ Nc6 4. O-O Bd7 5. Re1 a6 6. Bxc6 Bxc6 7. d4 cxd4
8. Nxd4 Qc7 9. c4 Nf6 10. Nc3 g6 11. Bf4 Bg7 12. c5 e5 13. cxd6 Qxd6 14.
Nxc6 Qxd1 15. Raxd1 exf4 16. Na5 O-O 17. h3 h6 18. e5 Nh7 19. Nd5 Rae8 20.
Nxb7 Rxe5 21. b4 Rfe8 22. Rxe5 Rxe5 23. Nc5 Re2 24. a4 Ra2 25. a5 Nf8 26.
Nxf4 1-0

[Event "Irish Championship 2018"]
[Site "Dublin IRL"]
[Date "2018.08.07"]
[Round "4.5"]
[White "Cafolla, Peter"]
[Black "Short, Philip"]
[Result "0-1"]
[BlackTitle "FM"]
[WhiteElo "1955"]
[BlackElo "2333"]
[WhiteICU "1939"]
[WhiteClub "Rathmines"]
[WhiteNationality "IRL"]
[BlackNationality "IRL"]
[WhiteFideId "2500884"]
[BlackFideId "2500086"]
[PlyCount "78"]
[EventDate "2018.08.04"]
[Source "TWIC 1240"]

{ Event information: <a
href="https://www.irlchess.com/irlch2018_allfiles/pairings_irlch2018.html">Tournament
report</a>. }

1. e4 e6 2. d4 d5 3. e5 c5 4. c3 Nc6 5. Nf3 Bd7 6. a3 c4 7. Nbd2 Na5 8. Rb1
Bc6 9. Be2 Qd7 10. b3 cxb3 11. c4 Ba4 12. Bb2 Rc8 13. cxd5 Qxd5 14. O-O Ne7
15. Bd3 Qd7 16. Ng5 h6 17. Qh5 g6 18. Nde4 Nd5 19. Qh3 Be7 20. f4 Kf8 21.
Nc5 Bxc5 22. dxc5 Bb5 23. f5 gxf5 24. Rxf5 exf5 25. Bxb5 Qxb5 26. e6 Qxc5+
27. Kh1 Nf4 28. Qh4 Ng6 29. e7+ Ke8 30. Qa4+ b5 31. Qxa5 hxg5 32. Rd1 Kxe7
33. Qe1+ Kf8 34. Rc1 Rxh2+ 35. Kxh2 Qd6+ 36. Be5 Qxe5+ 37. Qxe5 Nxe5 38.
Rxc8+ Ke7 39. Rc5 Nc4 0-1

[Event "Irish Championship 2018"]
[Site "Dublin IRL"]
[Date "2018.08.07"]
[Round "4.6"]
[White "Daly, Colm"]
[Black "Delaney, Killian"]
[Result "1/2-1/2"]
[WhiteTitle "FM"]
[WhiteElo "2329"]
[BlackElo "2206"]
[WhiteICU "2255"]
[BlackICU "2206"]
[WhiteClub "Bray/Greystones"]
[BlackClub "Gonzaga"]
[WhiteNationality "IRL"]
[BlackNationality "IRL"]
[WhiteFideId "2500434"]
[BlackFideId "2501570"]
[PlyCount "108"]
[EventDate "2018.08.04"]
[Source "TWIC 1240"]

{ Event information: <a
href="https://www.irlchess.com/irlch2018_allfiles/pairings_irlch2018.html">Tournament
report</a>. }

1. Nf3 d5 2. e3 Bg4 3. c4 Nc6 4. cxd5 Qxd5 5. Nc3 Qh5 6. Bb5 Nf6 7. Bxc6+
bxc6 8. h3 e5 9. Rh2 Bxf3 10. Qxf3 Qxf3 11. gxf3 Nd5 12. Nd1 Bd6 13. Rg2 g6
14. b3 Kd7 15. Ke2 Rhb8 16. Nb2 a5 17. Rg4 f5 18. Rg1 Nb6 19. d3 a4 20. Bd2
axb3 21. axb3 Rxa1 22. Rxa1 Nd5 23. Nc4 Rxb3 24. Ra8 Rb1 25. Rh8 Nf6 26. e4
Ke6 27. Bg5 Bb4 28. f4 fxe4 29. dxe4 Re1+ 30. Kf3 Nxe4 31. Rxh7 Nxg5+ 32.
fxg5 Bd6 33. Ne3 Bc5 34. h4 Bxe3 35. fxe3 Rh1 36. Ke4 Ra1 37. Rh6 Ra4+ 38.
Kf3 Kf5 39. Rh8 Ke6 40. Kg3 Re4 41. Kf3 Ra4 42. Rh6 Kf5 43. Rh7 Ke6 44. Kg3
Re4 45. Rg7 Rxe3+ 46. Kf2 Rh3 47. Rxg6+ Ke7 48. Rh6 e4 49. Rh7+ Kf8 50. g6
e3+ 51. Ke2 Kg8 52. h5 c5 53. h6 c4 54. Rg7+ Kh8 1/2-1/2

[Event "Irish Championship 2018"]
[Site "Dublin IRL"]
[Date "2018.08.07"]
[Round "4.7"]
[White "Brady, Stephen"]
[Black "Butler, Kevin C."]
[Result "1-0"]
[WhiteTitle "FM"]
[WhiteElo "2336"]
[BlackElo "2064"]
[WhiteICU "2279"]
[BlackICU "2000"]
[WhiteClub "St. Benildus"]
[BlackClub "Phibsboro"]
[WhiteNationality "IRL"]
[BlackNationality "IRL"]
[WhiteFideId "2500124"]
[BlackFideId "2501538"]
[PlyCount "97"]
[EventDate "2018.08.04"]
[Source "TWIC 1240"]

{ Event information: <a
href="https://www.irlchess.com/irlch2018_allfiles/pairings_irlch2018.html">Tournament
report</a>. }

1. e4 e5 2. Nf3 Nc6 3. Bc4 Nf6 4. d3 Bc5 5. c3 a6 6. Bb3 d6 7. h3 Be6 8.
Nbd2 O-O 9. Nf1 d5 10. Qe2 dxe4 11. dxe4 Bxb3 12. axb3 Qd7 13. Ng3 Kh8 14.
O-O Rad8 15. Bg5 Qd3 16. Bxf6 gxf6 17. b4 Qxe2 18. Nxe2 Bb6 19. Rfd1 Rxd1+
20. Rxd1 Rd8 21. Rxd8+ Nxd8 22. Nd2 c6 23. Nc4 Bc7 24. Kf1 b5 25. Ne3 Kg7
26. Ng3 Ne6 27. h4 Nf4 28. Nd1 a5 29. Nf5+ Kf8 30. g3 Ne6 31. bxa5 Bxa5 32.
Ke2 Bb6 33. f3 Bc5 34. Kd2 h5 35. b3 Ng7 36. Nxg7 Kxg7 37. Ke2 Kg6 38. g4
Bb6 39. Nb2 Ba5 40. c4 Bc3 41. cxb5 cxb5 42. Nd3 Bd4 43. Nb4 Bg1 44. Nd5
Bh2 45. Ne7+ Kh6 46. Nf5+ Kg6 47. b4 Bg1 48. Nd6 Bd4 49. Nxb5 1-0

[Event "Irish Championship 2018"]
[Site "Dublin IRL"]
[Date "2018.08.07"]
[Round "4.8"]
[White "Wall, Gavin"]
[Black "Kennedy, John P. A."]
[Result "1-0"]
[WhiteTitle "IM"]
[WhiteElo "2341"]
[BlackElo "2077"]
[WhiteICU "2290"]
[BlackICU "1999"]
[WhiteClub "Richmond ENG"]
[BlackClub "Dublin"]
[WhiteNationality "IRL"]
[BlackNationality "IRL"]
[WhiteFideId "2501244"]
[BlackFideId "2501120"]
[PlyCount "67"]
[EventDate "2018.08.04"]
[Source "TWIC 1240"]

{ Event information: <a
href="https://www.irlchess.com/irlch2018_allfiles/pairings_irlch2018.html">Tournament
report</a>. }

1. e4 c5 2. Nf3 d6 3. Bb5+ Bd7 4. a4 Nf6 5. e5 dxe5 6. Nxe5 a6 7. Nxd7
Nbxd7 8. Be2 e6 9. O-O Bd6 10. Na3 Qc7 11. h3 Ne5 12. d4 cxd4 13. Qxd4 Bc5
14. Qh4 Bxa3 15. Rxa3 Qxc2 16. Re1 O-O 17. Rc3 Qb1 18. Qg5 Nfd7 19. Rc7 Qe4
20. Qf4 Qd5 21. Rd1 Qa5 22. Rxb7 Rac8 23. Be3 Ng6 24. Qb4 Qxb4 25. Rxb4 Rb8
26. Rxb8 Nxb8 27. b4 Ne7 28. Bc5 Nd5 29. Bxf8 Kxf8 30. Bf3 Nc6 31. Bxd5
exd5 32. b5 axb5 33. axb5 Ne7 34. b6 1-0

[Event "Irish Championship 2018"]
[Site "Dublin IRL"]
[Date "2018.08.07"]
[Round "4.9"]
[White "O'Connell, Gerard"]
[Black "O'Gorman, Tom"]
[Result "0-1"]
[BlackTitle "FM"]
[WhiteElo "2148"]
[BlackElo "2258"]
[WhiteICU "2099"]
[BlackICU "2239"]
[WhiteClub "St. Benildus"]
[BlackClub "Dun Laoghaire"]
[WhiteNationality "IRL"]
[BlackNationality "IRL"]
[WhiteFideId "2500493"]
[BlackFideId "2508249"]
[PlyCount "64"]
[EventDate "2018.08.04"]
[Source "TWIC 1240"]

{ Event information: <a
href="https://www.irlchess.com/irlch2018_allfiles/pairings_irlch2018.html">Tournament
report</a>. }

1. d4 Nf6 2. c4 c5 3. d5 b5 4. Nf3 e6 5. dxe6 fxe6 6. cxb5 d5 7. e3 Bd6 8.
Nc3 Nbd7 9. Be2 O-O 10. O-O Bb7 11. a4 Qc7 12. a5 Rae8 13. b6 Qb8 14. bxa7
Qxa7 15. Nb5 Qb8 16. a6 Ba8 17. a7 Qb6 18. Nxd6 Qxd6 19. Ra6 Qc7 20. Ng5
Nb6 21. Qb3 Nfd7 22. Qc2 Nf6 23. b4 Bb7 24. a8=Q Nxa8 25. Nxe6 Qe7 26. Ra7
Qxe6 27. Rxb7 c4 28. Qa4 Nb6 29. Qb5 Nc8 30. Qc5 Nd6 31. Rb6 Nfe4 32. Qd4
Nf5 0-1

[Event "Irish Championship 2018"]
[Site "Dublin IRL"]
[Date "2018.08.07"]
[Round "4.10"]
[White "Li, Henry"]
[Black "O'Gorman, Alice"]
[Result "1-0"]
[WhiteElo "2232"]
[BlackElo "1896"]
[WhiteICU "2207"]
[BlackICU "1779"]
[WhiteClub "Gonzaga"]
[BlackClub "Dun Laoghaire"]
[WhiteNationality "IRL"]
[BlackNationality "IRL"]
[WhiteFideId "2508524"]
[BlackFideId "2508214"]
[PlyCount "106"]
[EventDate "2018.08.04"]
[Source "TWIC 1240"]

{ Event information: <a
href="https://www.irlchess.com/irlch2018_allfiles/pairings_irlch2018.html">Tournament
report</a>. }

1. e4 e5 2. Nf3 Nf6 3. Nxe5 d6 4. Nf3 Nxe4 5. Nc3 Nxc3 6. dxc3 Be7 7. Bf4
O-O 8. Qd2 Nd7 9. O-O-O Nc5 10. Kb1 c6 11. Nd4 d5 12. Bd3 Qb6 13. Rhe1 Na4
14. Nb3 Be6 15. Be5 f6 16. Bc7 Qxc7 17. Rxe6 Nc5 18. Nxc5 Bxc5 19. g3 Rae8
20. Rde1 Qf7 21. R6e2 g6 22. c4 Rxe2 23. Qxe2 Qd7 24. cxd5 cxd5 25. Bb5 Qf5
26. f4 Rf7 27. Bd3 Qd7 28. Qf3 Re7 29. Rxe7 Bxe7 30. g4 Bc5 31. h4 Kg7 32.
f5 Qe7 33. a3 Qe5 34. g5 a6 35. fxg6 hxg6 36. gxf6+ Qxf6 37. Qxd5 Qe7 38.
Qg2 Qe1+ 39. Ka2 Qe6+ 40. b3 b5 41. h5 Bd4 42. Qxg6+ Qxg6 43. hxg6 Kf6 44.
b4 Ke6 45. a4 Kf6 46. Kb3 bxa4+ 47. Kxa4 Bc3 48. Kb3 Be5 49. c4 Bb8 50. c5
Bc7 51. Kc4 Be5 52. Kd5 Bc3 53. c6 Be5 1-0

[Event "Irish Championship 2018"]
[Site "Dublin IRL"]
[Date "2018.08.07"]
[Round "4.11"]
[White "Freeman, Gordon"]
[Black "Fox, Anthony"]
[Result "1/2-1/2"]
[WhiteElo "2205"]
[BlackElo "2046"]
[WhiteICU "2159"]
[BlackICU "2024"]
[WhiteClub "Gonzaga"]
[BlackClub "Dun Laoghaire"]
[WhiteNationality "IRL"]
[BlackNationality "IRL"]
[WhiteFideId "2501309"]
[BlackFideId "2500736"]
[PlyCount "86"]
[EventDate "2018.08.04"]
[Source "TWIC 1240"]

{ Event information: <a
href="https://www.irlchess.com/irlch2018_allfiles/pairings_irlch2018.html">Tournament
report</a>. }

1. e4 e5 2. Nf3 Nc6 3. Bb5 a6 4. Ba4 Nf6 5. O-O Be7 6. Re1 b5 7. Bb3 d6 8.
c3 O-O 9. d4 Bg4 10. d5 Na5 11. Bc2 c6 12. h3 Bc8 13. dxc6 Qc7 14. Nbd2
Qxc6 15. Nf1 Nc4 16. a4 Nb6 17. a5 Nbd7 18. Ne3 h6 19. Nf5 Re8 20. Bxh6 Bf8
21. Bg5 g6 22. Nh6+ Bxh6 23. Bxh6 Nc5 24. Ng5 Ra7 25. Qf3 Nh7 26. Qg3 Nf6
27. Qf3 Nh7 28. Nxh7 Kxh7 29. Be3 Rc7 30. Qg3 Be6 31. Bg5 Nd7 32. Red1 Kg7
33. Rd2 f6 34. Be3 Nc5 35. Rad1 Rd7 36. b4 Na4 37. Bxa4 bxa4 38. f4 a3 39.
fxe5 dxe5 40. Rxd7+ Bxd7 41. Qh4 Rh8 42. Qf2 Be6 43. Bc1 a2 1/2-1/2

[Event "Irish Championship 2018"]
[Site "Dublin IRL"]
[Date "2018.08.07"]
[Round "4.12"]
[White "Jessel, Stephen"]
[Black "Keogh, Eamon"]
[Result "1/2-1/2"]
[WhiteTitle "FM"]
[BlackTitle "NM"]
[WhiteElo "2346"]
[BlackElo "1960"]
[WhiteICU "2337"]
[BlackICU "1888"]
[WhiteClub "Gonzaga"]
[BlackClub "Kilkenny"]
[WhiteNationality "IRL"]
[BlackNationality "IRL"]
[WhiteFideId "628859"]
[BlackFideId "2500264"]
[PlyCount "76"]
[EventDate "2018.08.04"]
[Source "TWIC 1240"]

{ Event information: <a
href="https://www.irlchess.com/irlch2018_allfiles/pairings_irlch2018.html">Tournament
report</a>. }

1. Nf3 e6 2. c4 f5 3. g3 Nf6 4. Bg2 d6 5. d4 Be7 6. O-O O-O 7. b4 Ne4 8.
Bb2 Nd7 9. Nc3 Ndf6 10. Nd2 Nxd2 11. Qxd2 d5 12. c5 Qe8 13. f3 Bd7 14. e4
Qh5 15. Rae1 a5 16. bxa5 f4 17. gxf4 dxe4 18. fxe4 Bc6 19. Qe2 Rxa5 20.
Qxh5 Nxh5 21. Bc1 Rd8 22. Be3 Ra3 23. Rc1 Nf6 24. h3 Bxc5 25. dxc5 Rd3 26.
Nb1 Rxe3 27. Nxa3 Rxa3 28. Rc2 Ra5 29. Re1 Kf7 30. e5 Nd5 31. f5 exf5 32.
e6+ Ke7 33. Rd2 Nf6 34. Bxc6 bxc6 35. Ree2 Rxc5 36. a4 Ra5 37. Ra2 Ne4 38.
Rec2 c5 1/2-1/2

[Event "Irish Championship 2018"]
[Site "Dublin IRL"]
[Date "2018.08.07"]
[Round "4.13"]
[White "Rush, Stephen"]
[Black "Wallace, Paul"]
[Result "1-0"]
[WhiteElo "2025"]
[BlackElo "2202"]
[WhiteICU "1903"]
[BlackICU "2182"]
[WhiteClub "Strand"]
[BlackClub "Kilkenny"]
[WhiteNationality "IRL"]
[BlackNationality "IRL"]
[WhiteFideId "2512173"]
[BlackFideId "2500892"]
[PlyCount "69"]
[EventDate "2018.08.04"]
[Source "TWIC 1240"]

{ Event information: <a
href="https://www.irlchess.com/irlch2018_allfiles/pairings_irlch2018.html">Tournament
report</a>. }

1. d4 Nf6 2. c4 g6 3. f3 Bg7 4. e4 d6 5. Nc3 O-O 6. Be3 c5 7. Nge2 Nc6 8.
d5 Ne5 9. Ng3 h5 10. Be2 h4 11. Nf1 a6 12. Bg5 h3 13. g4 b5 14. Qd2 bxc4
15. Bh6 Rb8 16. Bxg7 Kxg7 17. Ne3 Bd7 18. Rg1 Rh8 19. f4 Nd3+ 20. Bxd3 cxd3
21. e5 Ne8 22. O-O-O Qa5 23. f5 dxe5 24. fxg6 fxg6 25. Nc4 Qb4 26. Nxe5 Ba4
27. Nxd3 Qd4 28. Rde1 c4 29. Rxe7+ Kf8 30. Qe1 Ng7 31. Rf1+ Kg8 32. Nf4 Be8
33. Rxg7+ Qxg7 34. Ne6 Qe7 35. Rf8+ 1-0